LIBRARY & INFORMATION CENTRE, KCAET, TAVANUR

ONLINE PUBLIC ACCESS CATALOGUE (OPAC)

Fungicides in plant disease control / (Record no. 3139)

MARC details
000 -LEADER
fixed length control field 01164cam a2200493ua 4500
041 ## - LANGUAGE CODE
Language code of text/sound track or separate title eng
082 ## - DEWEY DECIMAL CLASSIFICATION NUMBER
Classification number 632.952
Item number NEN/FU
100 ## - MAIN ENTRY--AUTHOR NAME
Personal name Nene, Y L .
245 ## - TITLE STATEMENT
Title Fungicides in plant disease control /
250 ## - EDITION STATEMENT
Edition statement 2 /
260 ## - PUBLICATION, DISTRIBUTION, ETC. (IMPRINT)
Place of publication New Delhi :
Name of publisher Oxford & IBH Publishing company ,
Year of publication 1982.
300 ## - PHYSICAL DESCRIPTION
Number of Pages 507 ; .
700 1# - ADDED ENTRY--PERSONAL NAME
Personal name Thapliyal, P N .
942 ## - ADDED ENTRY ELEMENTS (KOHA)
Koha item type Books
Holdings
Withdrawn status Lost status Damaged status Home library Current library Date acquired Full call number Accession Number Koha item type
      KAUAET   11/03/1986 632.952 14980 Books
      KAUAET KAUAET 11/03/1986 632.952 14976 Books
      KAUAET KAUAET 11/03/1986 632.952 14965 Books
      KAUAET KAUAET 11/03/1986 632.952 14974 Books
      KAUAET KAUAET 11/03/1986 632.952 14984 Books
      KAUAET KAUAET 11/03/1986 632.952 14979 Books
      KAUAET KAUAET 11/03/1986 632.952 14962 Books
      KAUAET KAUAET 11/03/1986 632.952 14966 Books
      KAUAET KAUAET 07/04/2012 632.952 14640 Books
      KAUAET KAUAET 11/03/1986 632.952 14975 Books
      KAUAET KAUAET 11/03/1986 632.952 14973 Books
      KAUAET KAUAET 11/03/1986 632.952 14960 Books
      KAUAET KAUAET 11/03/1986 632.952 14964 Books
      KAUAET KAUAET 11/03/1986 632.952 14972 Books
      KAUAET KAUAET 11/03/1986 632.952 14961 Books
      KAUAET KAUAET 11/03/1986 632.952 14970 Books
      KAUAET KAUAET 11/03/1986 632.952 14969 Books
      KAUAET KAUAET 11/03/1986 632.952 14978 Books
      KAUAET KAUAET 11/03/1986 632.952 14963 Books
      KAUAET KAUAET 11/03/1986 632.952 14977 Books
      KAUAET KAUAET 11/03/1986 632.952 14982 Books
      KAUAET KAUAET 11/03/1986 632.952 14981 Books
      KAUAET KAUAET 11/03/1986 632.952 14967 Books
      KAUAET KAUAET 11/03/1986 632.952 14971 Books
      KAUAET KAUAET 11/03/1986 632.952 14983 Books
      KAUAET KAUAET 11/03/1986 632.952 14968 Books
free website counter